Word Ladder: Throw the Pigskin Quiz Stats

 Plays Quiz Updated Jul 1, 2019

Score 0/11 Timer 02:00
2 Plays Today
Hint 4 Letter Word % Correct
12 inches FOOT
99.1%
The red planet MARS
98.4%
Before the presentPAST
97.9%
Pillow and blanket building, for kidsFORT
97.5%
Harbor where ships load and unload PORT
97.1%
Piece of an object PART
96.8%
A place with many storesMALL
96.7%
Large formal danceBALL
94%
Sedimentary rockMARL
89.6%
Force over accelerationMASS
89.4%
Avoid failing PASS
89.1%

Today's Daily Dose

Word Ladder
Lean on Me

Get the Picture
Superhero by Villain

You're not logged in!

Compare scores with friends on all Sporcle quizzes.
OR
Log In

Sporcle TV

Today on Sporcle TV


Watch our educational content, quiz creation guides, and fun videos on Sporcle TV.

Show Comments

Extras

Top Quizzes Today


Score Distribution

Your Account Isn't Verified!

In order to create a playlist on Sporcle, you need to verify the email address you used during registration. Go to your Sporcle Settings to finish the process.

Report this User

Report this user for behavior that violates our Community Guidelines.

Details: